000 00517nam a2200145Ia 4500
003 IN-BaIIA
005 20250729152623.0
008 211028s9999 xx 000 0 eng d
040 _cIIA Library
080 _a551.510.5
_bMIX
100 _aInternational Council of Scientific Unions
_93929
245 0 _aInternational Council of Scientific Unions
_cInternational Council of Scientific Unions
260 _aBruselles
_c1955
942 _cBK
_2ddc
999 _c2148
_d2148